Szczegóły MARC21

Spielende : Gedichte /

003 -Nazwa inst., której nr kontr. jest w polu 001 [,]
    • @
    • Nazwa instytucji, której n kontrolny jest w polu 001
    • NUKAT
005 -DATA I CZAS OSTATNIEJ MODYFIKACJI [,]
    • @
    • pole kontrolne
    • 20241231112558.0
020 -Międzynarod. znormalizowany nr książki - ISBN [ , ]
    • a
    • Numer ISBN
    • 3421061556 Find
040 -Instytucja sporządzająca opis [ , ]
    • a
    • Instytucja, która sporządziła opis (NP)
    • NUKAT
    • b
    • Język katalogowania
    • pol
    • e
    • Zasady katalogowania
    • rda
    • c
    • Instytucja, która sporządziła rekord (NP)
    • POZN U/LB DP
    • d
    • Instytucja, która zmodyfikowała rekord (P)
    • SZCZ U/JSs
942 -Rodzaj dokumentu [ , ]
    • c
    • Rodzaj dokumentu
    • Książka
100 -Hasło główne - nazwa osobowa [1, ]
    • a
    • Nazwa osobowa (NP)
    • Hahn, Ulla
    • d
    • Daty biograficzne (NP)
    • (1946- ).
    • e
    • Rodzaj współpracy
    • Autor
    • 9
    • KHW
    • 633615
245 -Strefa tytułu i oznaczenia odpowiedzialności [1,0]
    • a
    • Tytuł
    • Spielende : Find
    • b
    • Ciąg dalszy tytułu (NP)
    • Gedichte / Find
    • c
    • Pozostałe elementy strefy tytułu i oznaczenia odpowiedzialności (NP)
    • Ulla Hahn.
260 -Strefa adresu wydawniczego [ , ]
    • a
    • Miejsce wydania (P)
    • Stuttgart :
    • b
    • Nazwa wydawcy (P)
    • Deutsche Verlags-Anstalt,
    • c
    • Data wydania (P)
    • © 1983.
300 -Strefa opisu fizycznego [ , ]
    • a
    • Określenie formy książki i/lub objętość (NP)
    • 102 strony ;
    • c
    • Format (NP)
    • 19 cm.
336 -Typ zawartości [ , ]
    • a
    • Termin opisujący typ zawartości
    • Tekst
    • b
    • Kod określający zawartość
    • txt
    • 2
    • Źródło (terminu i kodu)
    • rdacontent
337 -Typ mediów [ , ]
    • a
    • Tryb odtwarzania
    • Bez urządzenia pośredniczącego
    • b
    • Kod typu mediów
    • n
    • 2
    • Źródło (terminu i kodu)
    • rdamedia
338 -Typ/rodzaj nośnika [ , ]
    • a
    • Hasło opisujące typ nośnika
    • Wolumin
    • b
    • Kod typu nośnika
    • nc
    • 2
    • Źródło (terminu i kodu)
    • rdacarrier
080 -Uniwersalna Klasyfikacja Dziesiętna [ , ]
    • a
    • Symbol klasyfikacji
    • 830-1=30
655 -Hasło w funkcji tematu formalnego [ ,7]
    • a
    • Hasło
    • Poezja niemiecka
    • y
    • Określnik chronologiczny
    • 1970-1990.
    • 2
    • Źródło terminu
    • kaba
    • 9
    • KHW
    • 450657
980 -Symbol UKD [ , ]
    • a
    • UKD
    • 830-1=30
710 -Hasło dodatkowe - nazwa ciała zbiorowego [2, ]
    • a
    • Nazwa ciała zbiorowego lub nazwa geograficzna jako pierwszy element (NP)
    • Deutsche Verlags-Anstalt.
    • e
    • Rodzaj współpracy
    • Wydawca
    • 4
    • Kod relacji
    • pbl
    • 9
    • KHW
    • 75551
920 -ISBN [ , ]
    • a
    • ISBN
    • 3-421-06155-6 Find
Sygnatura Numer inwentarzowy Status udost. Lokalizacja Data inwentaryzacji
Germ. PoezjaG.14006-3BM1998-09-21